Statistics for Other Natural Satellites

Click here to take the quiz!

General Stats

  • This quiz has been taken 7 times
  • The average score is 17 of 46

Answer Stats

Celestial BodyAnswer% Correct
EarthMoon
100%
MarsDeimos
67%
MarsPhobos
67%
SalaciaActaea
33%
MinervaAegis
33%
KleopatraAlexhelios
33%
Pluto-CharonCharon
33%
KleopatraCleoselene
33%
IdaDactyl
33%
DidymosDimorphos
33%
ErisDysnomia
33%
TyphonEchidna
33%
GǃkúnǁʼhòmdímàGǃòʼé ǃHú
33%
MinervaGorgoneion
33%
ǂKá̦gáraǃHãunu
33%
HaumeaHi'iaka
33%
LempoHiisi
33%
Pluto-CharonHydra
33%
VardaIlmarë
33%
Pluto-CharonKerberos
33%
KalliopeLinus
33%
PatroclusMonoetius
33%
HaumeaNamaka
33%
Pluto-CharonNix
33%
Sila-NunamNunam
33%
RoxanneOlympias
33%
BorasisiPabu
33%
LempoPaha
33%
DaphnePeneius
33%
EugeniaPetit-Prince
33%
CetoPhorcys
33%
AlaudaPichi üñëm
33%
EurybatesQueta
33%
SylviaRemus
33%
SylviaRomulus
33%
TeharonsiawakoSawiskera
33%
Polymele*Shaun
33%
HektorSkamandrios
33%
Mors-SomnusSomnus
33%
MoshupSquannit
33%
Pluto-CharonStyx
33%
ManwëThorondor
33%
OrcusVanth
33%
QuaoarWeywot
33%
GonggongXiangliu
33%
LogosZoe
33%

Score Distribution

Percentile by Number Answered

Percent of People with Each Score

Your Score History

You have not taken this quiz